[Event "Petroupoli op 6th"]
[Site "Petroupoli"]
[Date "2011.11.02"]
[Round "6"]
[White "Koulaxouzidis, Georgios"]
[Black "Kagas, Konstantinos"]
[Result "1-0"]
[WhiteElo "1887"]
[BlackElo "2056"]
[PlyCount "120"]
[EventDate "2011.10.15"]
[EventType "swiss"]
[EventRounds "7"]
[EventCountry "GRE"]
[SourceTitle "EXT 2013"]
[Source "ChessBase"]
[SourceDate "2012.11.22"]
[SourceVersion "1"]
[SourceVersionDate "2012.11.22"]
[SourceQuality "1"]

1. e4 d5 2. exd5 Nf6 3. d4 Nxd5 4. c4 Nb6 5. Nc3 g6 6. h3 Bg7 7. Nf3 0-0 8. Be2 Nc6 9. Be3 Re8 10. 0-0 e5 11. d5 Na5 12. Nd2 f5 13. b4 f4 14. Bxb6 axb6 15. bxa5 e4 16. Rc1 f3 17. Bxf3 exf3 18. Nxf3 Rxa5 19. Re1 Bd7 20. Qd2 Ra3 21. Rxe8+ Qxe8 22. Re1 Qf8 23. Ne4 Bxh3 24. Neg5 Bc3 25. Qe2 Bg4 26. Qe7 Bg7 27. Qxf8+ Bxf8 28. Re8 Bd7 29. Rd8 Bf5 30. Nd4 Rd3 31. Nde6 Bxe6 32. Nxe6 Kf7 33. Rxf8+ Ke7 34. Rh8 b5 35. Rxh7+ Kd6 36. c5+ Ke5 37. Nxc7 Rc3 38. Re7+ Kf6 39. Re6+ Kf7 40. Nxb5 Rxc5 41. Nd6+ Kf8 42. Nxb7 Rxd5 43. Rxg6 Rb5 44. Nd6 Ra5 45. Ne4 Rxa2 46. Rb6 Re2 47. f3 Rc2 48. Rb7 Re2 49. Kh2 Ra2 50. Kh3 Kg8 51. g3 Ra6 52. Kh4 Ra3 53. f4 Re3 54. Nf6+ Kf8 55. g4 Rf3 56. Kg5 Rh3 57. f5 Rh1 58. Nh5 Rg1 59. Kf6 Kg8 60. g5 Ra1 1-0

[Event "Petroupoli op 6th"]
[Site "Petroupoli"]
[Date "2011.10.26"]
[Round "4"]
[White "Korlotsidis, Spiridon"]
[Black "Koulaxouzidis, Georgios"]
[Result "0-1"]
[WhiteElo "2056"]
[BlackElo "1887"]
[PlyCount "64"]
[EventDate "2011.10.15"]
[EventType "swiss"]
[EventRounds "7"]
[EventCountry "GRE"]
[SourceTitle "EXT 2013"]
[Source "ChessBase"]
[SourceDate "2012.11.22"]
[SourceVersion "1"]
[SourceVersionDate "2012.11.22"]
[SourceQuality "1"]

1. c4 e6 2. g3 d5 3. Bg2 Nf6 4. Nf3 Nbd7 5. 0-0 c6 6. d4 Bd6 7. Nc3 0-0 8. e4 Nxe4 9. Nxe4 dxe4 10. Ng5 Nf6 11. Nxe4 Nxe4 12. Bxe4 e5 13. dxe5 Bxe5 14. Bxh7+ Kxh7 15. Qh5+ Kg8 16. Qxe5 Re8 17. Qh5 Qd4 18. c5 Bg4 19. Qh4 Re4 20. Be3 Qxb2 21. Rab1 Qxa2 22. Rxb7 Rae8 23. Bf4 Bf3 24. Qh3 Qd5 25. Be3 Bg4 26. Qg2 Qf5 27. Rfb1 Bh3 28. Qh1 Qd5 29. Rb8 Qd3 30. Rxe8+ Rxe8 31. Re1 Qc3 32. Rd1 Rxe3 0-1

[Event "Petroupoli op 6th"]
[Site "Petroupoli"]
[Date "2011.10.19"]
[Round "2"]
[White "Koulaxouzidis, Georgios"]
[Black "Papathanasopoulos, Nikolaos"]
[Result "1-0"]
[WhiteElo "1887"]
[BlackElo "1657"]
[PlyCount "104"]
[EventDate "2011.10.15"]
[EventType "swiss"]
[EventRounds "7"]
[EventCountry "GRE"]
[SourceTitle "EXT 2013"]
[Source "ChessBase"]
[SourceDate "2012.11.22"]
[SourceVersion "1"]
[SourceVersionDate "2012.11.22"]
[SourceQuality "1"]

1. e4 e6 2. d4 d5 3. exd5 exd5 4. Bd3 Bd6 5. Ne2 Qf6 6. c3 Ne7 7. Be3 0-0 8. Nd2 Bf5 9. Nf3 Nd7 10. 0-0 Rae8 11. Ng3 Bxd3 12. Qxd3 Qg6 13. Qb5 Nb6 14. Rae1 c6 15. Qb3 Nf5 16. Nxf5 Qxf5 17. Re2 Re7 18. Rfe1 Rfe8 19. Qd1 f6 20. b3 Nc8 21. Nh4 Qg4 22. g3 f5 23. f3 Qh5 24. Bd2 Qf7 25. Rxe7 Rxe7 26. Rxe7 Bxe7 27. Ng2 g5 28. Qe2 Bf6 29. Ne1 Kf8 30. Nd3 Nd6 31. Ne5 Qe7 32. f4 g4 33. c4 Bxe5 34. dxe5 Ne4 35. Be3 b6 36. cxd5 cxd5 37. Qb5 Qd8 38. Qc6 d4 39. Bc1 Qe7 40. Qc8+ Kg7 41. Qxf5 Nc3 42. Qxg4+ Kh8 43. Bb2 Qc5 44. b4 Qxb4 45. Qc8+ Kg7 46. Qd7+ Kh8 47. Qe8+ Kg7 48. Qd7+ Kh8 49. Qd8+ Kg7 50. Qf6+ Kg8 51. e6 Qxb2 52. Qf7+ Kh8 1-0

[Event "GRE CupT final"]
[Site "Nikaia"]
[Date "2011.05.29"]
[Round "2"]
[White "Michos, Thomas"]
[Black "Koulaxouzidis, Georgios"]
[Result "1-0"]
[WhiteElo "2255"]
[BlackElo "1858"]
[PlyCount "83"]
[EventDate "2011.05.28"]
[EventType "k.o."]
[EventRounds "2"]
[EventCountry "GRE"]
[SourceTitle "CBM 142 Extra"]
[Source "ChessBase"]
[SourceDate "2011.06.27"]
[SourceVersion "1"]
[SourceVersionDate "2011.06.27"]
[SourceQuality "1"]

1. d4 d5 2. Nf3 e6 3. c3 Bd6 4. Bg5 Ne7 5. Nbd2 h6 6. Bh4 f5 7. e3 g5 8. Bg3 Nd7 9. c4 Nf6 10. c5 Bxg3 11. hxg3 Ng6 12. Nb3 Qe7 13. Be2 g4 14. Nh4 Nxh4 15. Rxh4 Bd7 16. Nc1 Ne4 17. Nd3 Bb5 18. Ne5 Bxe2 19. Qxe2 Rh7 20. 0-0-0 0-0-0 21. Rdh1 Qg7 22. c6 Nd6 23. Kb1 Kb8 24. Qd3 Ka8 25. Rc1 Qf8 26. cxb7+ Nxb7 27. Nc6 Rd6 28. Qa6 Rxc6 29. Qxc6 Qe7 30. Rc3 Qd6 31. Qa4 Nd8 32. Qe8 Qe7 33. Qxe7 Rxe7 34. Rxh6 Kb7 35. Rg6 Rh7 36. f3 Rh1+ 37. Rc1 Rxc1+ 38. Kxc1 gxf3 39. gxf3 Kc6 40. g4 fxg4 41. fxg4 Kd6 42. Rg7 1-0

[Event "Chalkida Tessas op-ch"]
[Site "Chalkida"]
[Date "2008.06.22"]
[Round "2"]
[White "Koulaxouzidis, Georgios"]
[Black "Balokas, Dimitrios"]
[Result "1/2-1/2"]
[WhiteElo "1735"]
[BlackElo "1525"]
[PlyCount "52"]
[EventDate "2008.06.21"]
[EventType "swiss"]
[EventRounds "6"]
[EventCountry "GRE"]
[SourceTitle "EXT 2010"]
[Source "ChessBase"]
[SourceDate "2010.11.25"]
[SourceVersion "1"]
[SourceVersionDate "2010.11.25"]
[SourceQuality "1"]

1. e4 c6 2. d4 d5 3. exd5 cxd5 4. Bd3 Nc6 5. Ne2 Nf6 6. c3 g6 7. Bf4 Bg7 8. Nd2 Nh5 9. Bg3 Nxg3 10. Nxg3 Qb6 11. Qb3 Qxb3 12. axb3 e5 13. dxe5 Nxe5 14. Bb5+ Nc6 15. 0-0 0-0 16. Nf3 Bg4 17. Bxc6 bxc6 18. Nd4 Bxd4 19. cxd4 Rfb8 20. Ra3 Rb4 21. f3 Be6 22. Rd1 h5 23. Rd3 h4 24. Ne2 Rab8 25. Rc3 Bf5 26. Kf2 R8b7 1/2-1/2

[Event "Chalkida Tessas op-ch"]
[Site "Chalkida"]
[Date "2008.06.22"]
[Round "3"]
[White "Lapsatis, Athanasios"]
[Black "Koulaxouzidis, Georgios"]
[Result "0-1"]
[WhiteElo "1000"]
[BlackElo "1735"]
[PlyCount "70"]
[EventDate "2008.06.21"]
[EventType "swiss"]
[EventRounds "6"]
[EventCountry "GRE"]
[SourceTitle "EXT 2010"]
[Source "ChessBase"]
[SourceDate "2010.11.25"]
[SourceVersion "1"]
[SourceVersionDate "2010.11.25"]
[SourceQuality "1"]

1. e4 c5 2. Nf3 Nc6 3. Be2 e6 4. d3 d5 5. exd5 exd5 6. 0-0 Bd6 7. b3 Nge7 8. d4 cxd4 9. Nxd4 0-0 10. Bb2 Nxd4 11. Bxd4 Nf5 12. Bb2 Be6 13. Bd3 Rc8 14. Qg4 Qh4 15. Qxh4 Nxh4 16. Bd4 b6 17. Nd2 Nf5 18. Bxf5 Bxf5 19. c3 Bf4 20. Nf3 Be4 21. Ne5 f6 22. Ng4 Bd2 23. f3 Bg6 24. Rad1 Bxc3 25. Bxc3 Rxc3 26. Rxd5 Rc2 27. Rd7 Rxa2 28. Rc1 Re8 29. h4 Bf5 30. Rb7 h5 31. Nf2 Ree2 32. Rcc7 Rxf2 33. Rxg7+ Kh8 34. g4 Rg2+ 35. Kh1 Rh2+ 0-1

[Event "Nikaia op 14th"]
[Site "Nikaia"]
[Date "2006.08.??"]
[Round "2"]
[White "Koulaxouzidis, Georgios"]
[Black "Balaskas, Panayotis"]
[Result "1/2-1/2"]
[WhiteElo "1835"]
[BlackElo "2146"]
[PlyCount "101"]
[EventDate "2006.08.??"]
[EventType "swiss"]
[EventRounds "9"]
[EventCountry "GRE"]
[SourceTitle "EXT 2008"]
[Source "ChessBase"]
[SourceDate "2007.11.25"]
[SourceVersion "1"]
[SourceVersionDate "2007.11.25"]
[SourceQuality "1"]

1. e4 c5 2. Nc3 Nc6 3. f4 e6 4. Nf3 d5 5. exd5 exd5 6. Bb5 Nf6 7. 0-0 Bd6 8. Re1+ Kf8 9. d3 Bg4 10. Bxc6 bxc6 11. h3 Be6 12. Ne5 Qc7 13. Qf3 h5 14. Ng6+ fxg6 15. Rxe6 Kf7 16. f5 gxf5 17. Qxf5 Rae8 18. Rxe8 Rxe8 19. Bd2 c4 20. Rf1 Re5 21. Qf3 cxd3 22. Qxd3 Qb6+ 23. Kh1 Qxb2 24. Bf4 Re6 25. Bxd6 Rxd6 26. Rb1 Qa3 27. Rb7+ Kf8 28. Qe3 Rd7 29. Rxd7 Nxd7 30. Nxd5 Qxe3 31. Nxe3 Ke7 32. g4 hxg4 33. hxg4 Kf6 34. Kg2 Kg5 35. Kg3 Ne5 36. Nf5 g6 37. Nh4 a6 38. Nf3+ Nxf3 39. Kxf3 Kh4 40. Kf4 c5 41. c4 a5 42. Ke5 Kxg4 43. Kd5 Kf5 44. Kxc5 g5 45. Kb5 g4 46. c5 Ke5 47. c6 Kd6 48. Kb6 g3 49. c7 g2 50. c8Q g1Q+ 51. Kxa5 1/2-1/2

[Event "Heraklio op 9th"]
[Site "Heraklion"]
[Date "2005.??.??"]
[Round "7"]
[White "Petraki, Maria"]
[Black "Koulaxouzidis, Georgios"]
[Result "1-0"]
[WhiteElo "2110"]
[BlackElo "1790"]
[PlyCount "53"]
[EventDate "2005.06.??"]
[EventType "swiss"]
[EventRounds "9"]
[EventCountry "GRE"]
[SourceTitle "EXT 2007"]
[Source "ChessBase"]
[SourceDate "2006.11.23"]
[SourceVersion "1"]
[SourceVersionDate "2006.11.23"]
[SourceQuality "1"]

1. e4 c5 2. Nc3 Nc6 3. Bb5 Nd4 4. Bc4 e6 5. Nge2 Ne7 6. Nxd4 cxd4 7. Ne2 Nc6 8. d3 Bc5 9. 0-0 Na5 10. Rb1 Nxc4 11. dxc4 e5 12. b4 Be7 13. c3 dxc3 14. Nxc3 0-0 15. Nd5 d6 16. f4 f5 17. fxe5 dxe5 18. Bb2 fxe4 19. Bxe5 Bd6 20. Rxf8+ Qxf8 21. Qd4 Bxe5 22. Qxe5 Bd7 23. Rf1 Qe8 24. Ne7+ Kh8 25. Rf4 a6 26. Qxe4 Rd8 27. Qxh7+ 1-0

[Event "Piraeus-ch 40th"]
[Site "Egaleo"]
[Date "2004.11.13"]
[Round "1.4"]
[White "Koulaxouzidis, Georgios"]
[Black "Spirakopoulos, Ioannis"]
[Result "0-1"]
[WhiteElo "2181"]
[BlackElo "1550"]
[PlyCount "92"]
[EventDate "2004.11.13"]
[EventType "swiss"]
[EventRounds "9"]
[EventCountry "GRE"]
[SourceTitle "EXT 2024"]
[Source "ChessBase"]
[SourceDate "2023.10.10"]
[SourceVersion "1"]
[SourceVersionDate "2023.10.10"]
[SourceQuality "1"]

1. e4 e6 2. d3 d5 3. Nd2 Nf6 4. g3 c5 5. Bg2 Nc6 6. Ngf3 Be7 7. 0-0 0-0 8. Re1 Qc7 9. e5 Nd7 10. Qe2 b5 11. Nf1 a5 12. h4 b4 13. N1h2 Ba6 14. h5 a4 15. h6 g6 16. Ng4 b3 17. axb3 axb3 18. c3 Bxd3 19. Qxd3 Rxa1 20. Qe2 d4 21. Bf4 Rxe1+ 22. Qxe1 Rd8 23. Ng5 dxc3 24. Qxc3 Nd4 25. Qe3 Nb6 26. Nf6+ Bxf6 27. exf6 Qd7 28. Qd3 Nd5 29. Be5 Qa4 30. Ne4 Nc6 31. Bc3 Nf4 32. Qf3 Nxg2 33. Kxg2 Qb5 34. Qf4 Qc4 35. Kh2 Qd5 36. Ng5 e5 37. Qe3 Nd4 38. Qd3 Qc6 39. Qc4 Qxf6 40. Ne4 Qf5 41. Nxc5 Qxf2+ 42. Kh3 Ne2 43. Ne4 Ng1+ 44. Kh4 Qf5 45. g4 Qf4 46. Bd2 Nf3+ 0-1